000 02479nam0a2200337 4500
001 RU\NLR\bibl\988221
005 20260407100940.0
010 _a5-93586-086-4
_91000
035 _a(NLR Aleph) 000976069
090 _a429452
_c429452
100 _a20060927d2004 |||y0rusy50 ca
101 0 _arus
102 _aRU
105 _aa |||||||||
200 1 _aНормативные документы по техническому обследованию резуруаров для хранения взрывопожароопасных и агрессивных продуктов
_eсборник документов
_fФедер. горн. и пром. надзор России (Госгортехнадзор России), [НТЦ "Пром. безопасность"]
205 _a[Офиц. изд.]
210 _aМосква
_cФедеральное государственное унитарное предприятие "Научно-технический центр по безопасности в промышленности Госгортехнадзора России"
_d2004
215 _a234 с.
_cил.
_d20
225 1 _aСерия 03 Нормативные документы межотраслевого применения по вопросам промышленной безопасности и охраны недр
_vвып. 4
313 _aжелезобетонные резервуары для нефти и резервеары для жидких газов
320 _aБиблиогр.: с. 233-234 (21 назв.)
606 1 _aНефтяные резервуары железобетонные
_jНормативные документы
_xТехническая диагностика
_92444852
_3RU\NLR\auth\661454156
606 1 _aРезервуары для жидких газов
_jНормативные документы
_xТехническая диагностика
_92444853
_3RU\NLR\auth\661454157
686 _aЛ10-309.42-52-082.051н6я8
686 _aЛ54-309-523-082.051н6я8
712 0 1 _4570
_aРоссийская Федерация
_bФедеральный горный и промышленный надзор
_bНаучно-технический центр по безопасности в промышленности
_9611080
_3RU\NLR\AUTH\8810055255
801 0 _aRU
_bNLR
_c20060927
_grcr
801 1 _aRU
_bNLR
_c20060927
942 _cBOOK
980 _aNB